01124ngm a2200301 4500003000400000005001700004007000500021008004100026010002000067024002200087035002000109040001300129082001300142245009600155260003200251300005100283440003200334500007000366500014800436538004900584538007900633650001900712700001700731700001700748700002300765700001600788700001800804dpl20100319151744.0DVD ||||||sp199 xxu|||||c ||| 00| 0 ng d  aDVD-007026-7034 c49.00aSHE 1276F2 aDVD-007026-7034 aDPLcDPL aDVD AHIS aAhista AhistacT.A.Shah Group of Cos. & Anhum Rizvi Film Co.Presentsh[videorecording] VCD/ bShemaroo Home Entertainment a2 videodisc VCD; bsd., col. ;c4 3/4 in.fVCD aShemaroo Home Entertainment aThis title is completed with 2 disc. Not to be sold individually aThis is a Video Cd with Digital Audio. full Motion and Play Back Control suitable for Video CD Players and Multimedia Pcs with M PEG cards. aDolby Digital 5.1 - Hindi Subtitles: English aNTSC Format-All Regions, 16x9 Anamorphic (2:23.1 Aspect Ratio), Dual Layer aMotion Picture aRizvi, Anjum aNair, Shivam aReshammiya, Himesh aDeol, Abhay aSoha Ali Khan